00492 2200169 4500001002100000005001500021035002000036007000300056008004100059020002200100100002100122245007000143250001100213260002900224300004600253650002300299INLIS00000000000063120221128105719 a0010-1122000225ta221128 a 1 ind  a978-602-268-084-00 aImtihani Salimah1 aKisah Umar : Ayo Mengaji :bAgar Lebih Santun /cImtihani Salimah aCet. I aJakarta :bLuxima,c2015 a42 halaman :bilustrasi berwarna ;c20 cm 4aBacaan Anak Muslim